000 00749nam a2200289Ia 4500
005 20260324130036.0
008 008 260324s9999 xx 000 0 eng d
020 _a9780203932254
037 _aEBOOK
040 _aCRL
040 _beng
040 _cCRL
041 _2eng
041 _aeng
084 _qCRL
100 _aJanice Ruth Wood
_91180305
245 4 _aThe Struggle for Free Speech in the United States, 1872-1915
245 0 _bEdward Bliss Foote, Edward Bond Foote, and Anti-Comstock Operations
260 _bTaylor and Francis
260 _c2008
365 _a
365 _b230
856 _uhttp://www.taylorfrancis.com/books/9780203932254
942 _cEBOOK
999 _c1776081
_d1776081